000 00226nam a2200097Ia 4500
005 20251222114355.0
008 251222s1900||||xx |||||||||||||| ||spa||
082 _aDVD0093/C87/2006
245 0 _aHistoria de un bebé:
942 _cDVD
999 _c1395
_d1395